Länder, die dem Ägäisches Meer am nächsten liegen - Statistiken

Allgemein
  • Dieses Quiz wurde 111 mal gespielt
  • Das Durchschnittsergebnis liegt bei 18 aus 20
Antwortstatistiken
Km Land % Korrekt
131 Albanien
99%
0 Griechenland
99%
343 Italien
99%
0 Türkei
99%
403 Kroatien
97%
312 Montenegro
96%
30 Bulgarien
95%
411 Bosnien und Herzegowina
94%
209 Kosovo
93%
57 Mazedonien
91%
293 Rumänien
91%
191 Serbien
91%
396 Zypern
89%
386 Ägypten
86%
547 Moldawien
83%
637 Ungarn
79%
289 Libyen
76%
681 Syrien
76%
535 Ukraine
73%
699 Russland
65%
Keine übereinstimmenden Quizze gefunden
Verteilung der Resultate
Anzahl Personen mit jedem Resultat
Perzentil nach korrekt beantworteten Fragen
Ihre Resultats-Entwicklung
Sie haben dieses Quiz noch nicht gespielt